ميشيل فوكو / (Record no. 65043)
[ view plain ]
| 000 -الفاتح | |
|---|---|
| حقل البيانات ثابتة الطول | 00938nam a22002657a 4500 |
| 005 - وقت وتاريخ اخر تعامل مع التسجيلة | |
| رقم الضبط | 20240530110804.0 |
| 008 - عناصر البيانات ثابتة الطول - معلومات عامة | |
| حقل البيانات ثابتة الطول | 190224s2018 ua g 000 0dara d |
| 017 ## - رقم الايداع القانونى | |
| رقم الايداع القانونى | 2016/14605 |
| المصدر ( الهيئة المختصة) | مصر. دار الكتب |
| 020 ## - الرقم الدولى المعيارى للكتب | |
| الرقم الدولى المعيارى للكتاب | 9789779207339 |
| 040 ## - مصدر الفهرسة | |
| وكالة الفهرسة الأصلية | EG-CaGPL |
| وكالة النسخ | EG-CaGPL |
| 082 04 - رقم تصنيف ديوى العشرى | |
| رقم الطبعة | 21 |
| رقم التصنيف | 921.4/ |
| رقم المادة | م م |
| 100 1# - المدخل الرئيسى - إسم شخصى | |
| الإسم الشخصى | ميلز، سارة |
| 245 10 - بيان العنوان | |
| العنوان | ميشيل فوكو / |
| بيان المسئوليه,etc | تاليف سارة ميلز ؛ ترجمة على الغفارى |
| 250 ## - بيان الطبعة | |
| بيان الطبعة | ط.1 |
| 260 ## - PUBLICATION, DISTRIBUTION, ETC. (IMPRINT) | |
| تاريخ النشر أو التوزيع | 2018. |
| 300 ## - الوصف المادى | |
| التعداد | 207 ص. ؛ |
| أبعاد الوعاء | 24 سم. |
| 490 0# - بيان السلسلة | |
| عنوان السلسلة | المركز القومى للترجمة ؛ |
| رقم المجلد/ التعيين التسلسلي | 2977. |
| 600 1# - المدخل الاضافى بالموضوع-اسم شخصى | |
| الإسم الشخصى | فوكو، ميشيل |
| 650 07 - المدخل الاضافى بالموضوع-مصطلح موضوعى | |
| مصدر الرأس أو المصطلح | qrmak |
| مصطلح موضوعي | الفلاسفة الفرنسين |
| التقسيم الفرعي الشكلي | تراجم |
| 650 07 - المدخل الاضافى بالموضوع-مصطلح موضوعى | |
| مصدر الرأس أو المصطلح | qrmak |
| مصطلح موضوعي | الرجال |
| التقسيم الفرعي الشكلي | تراجم |
| 651 ## - المدخل الاضافى بالموضوع - اسم جغرافى | |
| مصدر الرأس أو المصطلح | qrmak |
| 700 0# - المدخل الاضافى - اسم شخصى | |
| الإسم الشخصى | على الغفارى |
| الدور | مترجم |
| 942 ## - عناصر المدخل الإضافي( كوها) | |
| مصدر التصنيف او مخطط الترفيف | Dewey Decimal Classification |
| Koha [default] item type | كتاب |
| 260 ## - PUBLICATION, DISTRIBUTION, ETC. (IMPRINT) | |
| -- | القاهرة : |
| -- | المركز القومى للترجمة ، |
| حالة التراجع | حالة الفقد | حالة تلف | ليس للاعارة | المكان المؤقت | الموقع الحالى | موقع الترفيف | تاريخ الاكتساب | اجمالي اﻻعارات | رقم الطلب | الباركود | تاريخ اخر مشاهدة | تاريخ تفعيل السعر | نوع وعاء كوها |
|---|---|---|---|---|---|---|---|---|---|---|---|---|---|
| مكتبة القاهرة الكبرى | مكتبة القاهرة الكبرى | القاعة الرئيسية | 02/24/2019 | 921.4/ م م | 165587 | 02/24/2019 | 02/24/2019 | كتاب |

